| 000 | 00862nam a2200277 a 4500 | ||
|---|---|---|---|
| 008 | |||
| 020 | _a013548412X(pbk.) | ||
| 049 | _aMAIN | ||
| 090 |
_aHD31 _bHAY |
||
| 100 | 1 | _aHaynes, Warren W. | |
| 245 | 1 | 0 |
_aManagement : _banalysis, concepts and cases / _cW. Warren Haynes, Joseph L. Massie and Marc J. Wallace Jr. |
| 250 | _a3rd ed. | ||
| 260 |
_aNew York : _bPrentice-Hall, Inc., _c1975. |
||
| 300 |
_axvii. 684 p. : _bill. ; _c24 cm. |
||
| 504 | _aIncludes bibliographical references. | ||
| 500 | _aIncludes Index. | ||
| 650 | _aIndustrial management -case studies. | ||
| 650 | 1 | _aIndustrial management. | |
| 700 | _aWallace, Marc J. | ||
| 700 | _aMassie, Joseph L. | ||
| 907 |
_a.b10279271 _b20-08-10 _c22-06-10 |
||
| 003 | |||
| 005 | 20230120145420.0 | ||
| 040 | _cNUST | ||
| 942 |
_cBOOKS _kHD31 _mHAY |
||
| 999 |
_c98004 _d98004 |
||